000
00276nam a2200121Ia 4500
005
20251222141836.0
008
251222s9999||||xx |||||||||||||| ||spa||
082
_a
220.8/H25
100
_a
Haug, Hemult
245
0
_a
Biblia Inquietante:
264
_b
La Católica
942
_c
LIB
999
_c
7276
_d
7276